|
|
|
|
| LEADER |
00000nam a2200000 4500 |
| 001 |
vtls011898610 |
| 003 |
SK-MaSNL |
| 005 |
20260311142730.0 |
| 008 |
200507q2017 xo o g 000 0 slo |
| 015 |
|
|
|a SNBA2020/01
|
| 020 |
|
|
|a 9788089920006
|q (viazané)
|
| 035 |
|
|
|a urn:nbn:sk:snk-am00dzzc
|
| 035 |
|
|
|a urn:nbn:sk:snk-am3ia7q
|
| 035 |
|
|
|a 361B0E33-1D38-456C-B54F-E42677DC4764
|
| 040 |
|
|
|a SNK
|b slo
|c SNK
|e rda
|
| 041 |
0 |
|
|a slo
|
| 043 |
|
|
|a e-cs---
|a e-sp---
|
| 044 |
|
|
|a xo
|c SK
|
| 072 |
|
7 |
|a 796
|x Šport. Hry. Telesné cvičenia
|2 konspekt
|
| 072 |
|
7 |
|a 929
|x Biografie
|2 konspekt
|
| 080 |
|
|
|a 796.332.071.2
|2 2011
|
| 080 |
|
|
|a 796.332.071.43
|2 2011
|
| 080 |
|
|
|a (437)
|2 2011
|
| 080 |
|
|
|a (460.235.2)
|2 2011
|
| 080 |
|
|
|a (092)
|2 2011
|
| 100 |
1 |
|
|a Staško, Mojmír
|4 aut
|4 pht
|9 425454
|
| 245 |
1 |
0 |
|a Útek na lavičku Barcelony
|b legendárny Ferdinand Daučík dosiahol najväčšie úspechy vo vynútenom exile
|c Mojmír Staško ; fotografie archív rodiny Daučíkových, Slovenské športové a olympijské múzeum, Július Šefčík, Mojmír Staško
|
| 264 |
|
1 |
|a [Trnava]
|b SPORT legal, s.r.o.
|c [2017]
|
| 300 |
|
|
|a 301 strán
|b faksimile, fotografie, tabuľky
|c 25 cm
|
| 336 |
|
|
|a text
|b txt
|2 rdacontent
|
| 337 |
|
|
|a bez média
|b n
|2 rdamedia
|
| 338 |
|
|
|a zväzok
|b nc
|2 rdacarrier
|
| 490 |
1 |
|
|a Športové legendy
|
| 500 |
|
|
|a Miesto a rok vydania podľa NA ISBN
|
| 600 |
1 |
7 |
|a Daučík, Ferdinand,
|d 1910-1986
|2 SNKMA
|9 93351
|
| 650 |
0 |
7 |
|a futbalisti
|2 SNKPH
|9 43771
|
| 650 |
0 |
7 |
|a futbaloví tréneri
|2 SNKPH
|9 68566
|
| 650 |
0 |
7 |
|a Soccer players
|2 SNKPHeng
|9 288841
|
| 650 |
0 |
7 |
|a Soccer coaches
|2 SNKPHeng
|9 345222
|
| 651 |
|
7 |
|a Československo
|2 SNKPHgeo
|9 21376
|
| 651 |
|
7 |
|a Czechoslovakia
|2 SNKPHeng
|9 265183
|
| 651 |
|
7 |
|a Barcelona (Španielsko)
|2 SNKPHgeo
|9 161214
|
| 651 |
|
7 |
|a Barcelona (Spain)
|2 SNKPHeng
|9 357796
|
| 655 |
|
7 |
|a biografie
|2 SNKPH
|9 27965
|
| 655 |
|
7 |
|a Biography
|2 SNKPHeng
|9 266314
|
| 700 |
1 |
|
|a Šefčík, Július
|4 pht
|9 439118
|
| 830 |
|
0 |
|a Športové legendy
|9 340255
|
| 919 |
|
|
|a 978-80-89920-00-6
|
| 958 |
|
|
|a BX
|
| 999 |
|
|
|c 1034945
|d 1036875
|
| 952 |
|
|
|a SNK
|b SNK
|y PREZ
|7 0
|p 17A1392050
|o snkSC 186490
|i snk2019/28606
|8 0
|0 0
|1 0
|4 0
|d 2019-11-07
|f 1
|l 0
|r 2026-02-24 14:06:05
|w 2026-02-24
|